[Event "IV Weekend B"]
[Site "Recco ITA"]
[Date "2010.11.27"]
[Round "2"]
[White "Creola, Aurelio"]
[Black "Nanni, Sergio"]
[Result "0-1"]
[WhiteElo "1501"]
[BlackElo "1700"]
[PlyCount "46"]
[EventDate "2010.11.26"]

1. d4 Nf6 2. Nf3 d5 3. e3 c5 4. c3 Nc6 5. Nbd2 Bf5 6. b3 cxd4 7. Nxd4 Nxd4 8.
cxd4 Qa5 9. f3 e6 10. Be2 Qc3 11. Bb5+ Kd8 12. e4 dxe4 13. O-O Qc7 14. Nxe4 a6
15. Be2 Ke8 16. Qd3 Rc8 17. Ba3 Qa5 18. Bxf8 Kxf8 19. g4 Bxe4 20. fxe4 Rc2 21.
Rfe1 Ke7 22. d5 Rd8 23. e5 Nxd5 0-1

[Event "IV Weekend B"]
[Site "Recco ITA"]
[Date "2010.11.27"]
[Round "2"]
[White "Croci, Luigi"]
[Black "Ruo, Valentina"]
[Result "0-1"]
[WhiteElo "1615"]
[BlackElo "1428"]
[PlyCount "52"]
[EventDate "2010.11.26"]

1. e4 e5 2. Nf3 Nc6 3. Bc4 Nf6 4. Ng5 d5 5. exd5 Nxd5 6. Qf3 Qe7 7. Qxd5 Be6 8.
Nxe6 fxe6 9. Qxe6 Nd4 10. Qxe7+ Bxe7 11. Bd3 O-O-O 12. O-O Nc6 13. Bf5+ Kb8 14.
d3 Nd4 15. Nc3 Nxf5 16. Bd2 Nd4 17. Rac1 g5 18. Ne4 g4 19. Rfe1 h5 20. Bg5 Bxg5
21. Nxg5 Rhg8 22. Rxe5 Nc6 23. Rf5 Nd4 24. Rc5 Ne2+ 25. Kf1 Nxc1 26. Re5 Nxa2
0-1

[Event "IV Weekend B"]
[Site "Recco ITA"]
[Date "2010.11.27"]
[Round "2"]
[White "Del Canale, Alessandro"]
[Black "Gnetti, Pietro"]
[Result "1-0"]
[WhiteElo "1482"]
[BlackElo "1672"]
[PlyCount "65"]
[EventDate "2010.11.26"]

1. d4 e6 2. c4 Nf6 3. Nc3 Bb4 4. Bd2 b6 5. e3 Ba6 6. Nf3 d5 7. Qa4+ b5 8. Qxb4
dxc4 9. Ne5 c6 10. b3 cxb3 11. axb3 Bb7 12. Qa3 a5 13. Qb2 O-O 14. Be2 Nbd7 15.
f4 b4 16. Na4 Ne4 17. Bf3 Nxe5 18. Bxe4 Nd7 19. O-O f5 20. Bf3 Qf6 21. Rac1
Rac8 22. Nc5 Nxc5 23. Rxc5 Qd8 24. Qa2 Ba6 25. Rcc1 Bb5 26. Bxc6 Rxc6 27. Rxc6
Bd3 28. Qb2 Re8 29. Rc7 Qf6 30. Ra7 h5 31. Rc7 Qh4 32. Rxg7+ Kf8 33. Rf7+ 1-0

[Event "IV Weekend B"]
[Site "Recco ITA"]
[Date "2010.11.27"]
[Round "2"]
[White "Gnetti, Paolo"]
[Black "Christen, Peter Walter"]
[Result "1-0"]
[WhiteElo "1770"]
[BlackElo "1545"]
[PlyCount "57"]
[EventDate "2010.11.26"]

1. e4 e6 2. d4 d5 3. e5 c5 4. c3 Nc6 5. Nf3 Bd7 6. a3 c4 7. Nbd2 Nge7 8. b3 b5
9. a4 a6 10. Ba3 Ng6 11. Bxf8 Nxf8 12. bxc4 bxc4 13. Bxc4 dxc4 14. Nxc4 Ng6 15.
Nd6+ Kf8 16. O-O Nh4 17. Nxh4 Qxh4 18. Qf3 f5 19. Rab1 Ke7 20. Rb7 Na5 21. Rc7
Qg4 22. Qd3 Rhb8 23. d5 Qxa4 24. dxe6 Kxe6 25. Qxf5+ Ke7 26. e6 Kxd6 27. Rxd7+
Kc6 28. Qd5+ Kb6 29. Rb1+ 1-0

[Event "IV Weekend B"]
[Site "Recco ITA"]
[Date "2010.11.27"]
[Round "2"]
[White "Grieco, Claudio"]
[Black "Orlandi, Paolo"]
[Result "0-1"]
[WhiteElo "1419"]
[BlackElo "1605"]
[PlyCount "87"]
[EventDate "2010.11.26"]

1. d4 Nf6 2. c4 g6 3. Nc3 d5 4. Nf3 Bg7 5. Bf4 O-O 6. Rc1 c6 7. e3 Nbd7 8. cxd5
Nxd5 9. Nxd5 cxd5 10. Rc7 e5 11. Bxe5 Nxe5 12. Rc1 Nxf3+ 13. Qxf3 Qa5+ 14. Rc3
Qxa2 15. Qe2 Bf5 16. f4 Rfe8 17. Qd2 Rac8 18. Be2 Qb1+ 19. Bd1 Rxc3 20. bxc3
Qd3 21. Be2 Qxe3 22. Qxe3 Rxe3 23. Kd2 Re8 24. g3 a5 25. Bb5 Ra8 26. Ba4 Be4
27. Re1 Rc8 28. h4 Bxd4 29. cxd4 Rc4 30. Bb3 Rxd4+ 31. Kc1 b5 32. Kb2 a4 33.
Ba2 Rd2+ 34. Ka3 b4+ 35. Kxb4 Rxa2 36. h5 gxh5 37. Rf1 Kg7 38. f5 Kf6 39. Rf4
Bxf5 40. Kc5 Ke5 41. Rd4 Be4 42. Rb4 Ra1 43. Rb7 a3 44. Kb4 0-1

[Event "IV Weekend B"]
[Site "Recco ITA"]
[Date "2010.11.27"]
[Round "2"]
[White "Manini, Paolo"]
[Black "Nicolis, Claudio"]
[Result "1-0"]
[WhiteElo "1776"]
[BlackElo "1835"]
[PlyCount "118"]
[EventDate "2010.11.26"]

1. d4 d5 2. c4 e6 3. Nc3 Nf6 4. Bg5 Nbd7 5. e3 c6 6. Nf3 Qa5 7. Nd2 Bb4 8. Qc2
O-O 9. Nb3 Bxc3+ 10. bxc3 Qc7 11. f4 Ne4 12. Bd3 f5 13. O-O Ndf6 14. Bh4 Bd7
15. Rfe1 Be8 16. a4 Bg6 17. a5 dxc4 18. Bxc4 Nd5 19. Nc5 Nxc5 20. dxc5 a6 21.
Qd3 Bf7 22. Qd4 Bg6 23. Be2 Qf7 24. Rab1 Rab8 25. c4 Nf6 26. Qe5 Rbd8 27. Red1
Rc8 28. Rd6 Rfe8 29. Rbd1 Ne4 30. Rd7 Nf6 31. R7d6 Ne4 32. Rd7 Qf8 33. Be7 Rxe7
34. Rxe7 Qxe7 35. Qc7 Qd8 36. Qxd8+ Rxd8 37. Rxd8+ Kf7 38. Rg8 Ke7 39. Rc8 Nxc5
40. Bf3 Kf7 41. Rc7+ Kf8 42. Kf2 Nb3 43. Rxg7 Nxa5 44. Rg8+ Ke7 45. Be2 Kd6 46.
Ra8 Kc5 47. Rxa6 Nxc4 48. Bxc4 Kxc4 49. Rxc6+ Kd5 50. Rc7 e5 51. Rxh7 exf4 52.
exf4 Ke4 53. g3 Kd3 54. Re7 Kd4 55. Kg2 Kd5 56. Kh3 Kd6 57. Re5 Kd7 58. Kh4 Kd6
59. Kg5 Kd7 1-0

[Event "IV Weekend B"]
[Site "Recco ITA"]
[Date "2010.11.27"]
[Round "2"]
[White "Pedemonte, Claudio"]
[Black "Mirata, Danilo"]
[Result "1/2-1/2"]
[WhiteElo "1834"]
[BlackElo "1770"]
[PlyCount "91"]
[EventDate "2010.11.26"]

1. c4 e5 2. g3 Nc6 3. Bg2 g6 4. Nc3 Bg7 5. e4 d6 6. Nge2 Be6 7. d3 Qd7 8. h3 f5
9. Be3 Nf6 10. exf5 Bxf5 11. Qd2 O-O-O 12. O-O-O Kb8 13. g4 Be6 14. f4 Rdf8 15.
Nd5 Bxd5 16. Bxd5 Nxd5 17. cxd5 Ne7 18. Nc3 exf4 19. Bxf4 Bxc3 20. bxc3 Nxd5
21. Bh6 Re8 22. c4 Nb6 23. Rhf1 Re7 24. Rf2 Rf7 25. Rdf1 Rxf2 26. Rxf2 Re8 27.
Be3 Qg7 28. Kb1 Rf8 29. Bd4 Rxf2 30. Qxf2 Qe7 31. Kb2 c5 32. Bc3 Na4+ 33. Kc2
Nxc3 34. Kxc3 a6 35. a4 Qc7 36. Qa2 Qa5+ 37. Kc2 Qe1 38. Qb3 Qb4 39. Qxb4 cxb4
40. a5 b6 41. axb6 Kb7 42. Kb2 b3 43. g5 Kxb6 44. d4 Kc6 45. Ka3 Kb6 46. Kb2
1/2-1/2

[Event "IV Weekend B"]
[Site "Recco ITA"]
[Date "2010.11.27"]
[Round "2"]
[White "Penna, Tommaso"]
[Black "Porzio, Massimo"]
[Result "1-0"]
[WhiteElo "1733"]
[BlackElo "1838"]
[PlyCount "43"]
[EventDate "2010.11.26"]

1. d4 Nf6 2. c4 e5 3. dxe5 Ng4 4. Bf4 Nc6 5. Nf3 Bb4+ 6. Nbd2 Qe7 7. e3 Ngxe5
8. Nxe5 Nxe5 9. Be2 O-O 10. a3 Bxd2+ 11. Qxd2 d6 12. O-O b6 13. b4 Bb7 14. Qc3
f6 15. Rfd1 Rad8 16. Rac1 Nd7 17. Qb3 Kh8 18. c5 dxc5 19. Bxc7 Rc8 20. Bd6 Qf7
21. Qxf7 Rxf7 22. Bc4 1-0

[Event "IV Weekend B"]
[Site "Recco ITA"]
[Date "2010.11.27"]
[Round "2"]
[White "Pesce, Leandro"]
[Black "Simoncini, Francesco"]
[Result "1/2-1/2"]
[WhiteElo "1777"]
[BlackElo "1525"]
[PlyCount "44"]
[EventDate "2010.11.26"]

1. e4 e5 2. Nf3 Nc6 3. Bc4 Bc5 4. O-O d6 5. c3 Bb6 6. d4 exd4 7. cxd4 Bg4 8. d5
Bxf3 9. Qxf3 Ne5 10. Qe2 a6 11. Bb3 Ne7 12. Bg5 O-O 13. Nd2 f6 14. Be3 Bxe3 15.
Qxe3 Kh8 16. f4 Nd7 17. Rac1 Nc5 18. Bc2 f5 19. Rcd1 Re8 20. Qf3 fxe4 21. Nxe4
Nxe4 22. Bxe4 Ng8 1/2-1/2

[Event "IV Weekend B"]
[Site "Recco ITA"]
[Date "2010.11.27"]
[Round "2"]
[White "Pieri, Enzo"]
[Black "Tagliano, Maurizio"]
[Result "1-0"]
[WhiteElo "1740"]
[BlackElo "1833"]
[PlyCount "101"]
[EventDate "2010.11.26"]

1. d4 Nf6 2. Nf3 b6 3. e3 Bb7 4. Bd3 e6 5. Nbd2 d5 6. O-O Be7 7. Re1 Nbd7 8. e4
dxe4 9. Nxe4 O-O 10. c3 c5 11. Nxf6+ Nxf6 12. Bf4 cxd4 13. Nxd4 Qd5 14. Nf3
Rad8 15. Be2 Qf5 16. Qa4 Be4 17. Bg3 Bc2 18. Qxa7 Bc5 19. Qc7 Ng4 20. Nd4 Bxd4
21. cxd4 Rxd4 22. Qxb6 Rfd8 23. h3 Nf6 24. Bf3 R4d7 25. a4 Nd5 26. Qc5 Bb3 27.
a5 Qc2 28. Qxc2 Bxc2 29. a6 Ra7 30. Rec1 Bd3 31. Bxd5 exd5 32. Rc6 Bb5 33. Rb6
Be2 34. Bb8 Ra8 35. a7 d4 36. f3 d3 37. Kf2 f6 38. Ke1 Kf7 39. Bc7 Rdc8 40. Rb8
Re8 41. Rxe8 Kxe8 42. Bb8 g5 43. Kd2 h5 44. b4 g4 45. hxg4 hxg4 46. b5 gxf3 47.
gxf3 Bxf3 48. Kxd3 Kd8 49. Rc1 Be4+ 50. Kd4 Bb7 51. Rc7 1-0

[Event "IV Weekend B"]
[Site "Recco ITA"]
[Date "2010.11.27"]
[Round "2"]
[White "Restifo, Katiuscia"]
[Black "Vaselli, Luciano"]
[Result "1-0"]
[WhiteElo "1829"]
[BlackElo "1732"]
[PlyCount "31"]
[EventDate "2010.11.26"]

1. e4 c6 2. d4 d5 3. Nc3 dxe4 4. Nxe4 Nd7 5. Nf3 Ngf6 6. Ng3 e6 7. Bd3 Bd6 8.
Qe2 Qc7 9. Nf5 O-O 10. Nxd6 Qxd6 11. O-O b6 12. Bg5 Bb7 13. Rad1 Nd5 14. Qe3
N5f6 15. Nh4 Rfd8 16. Rfe1 {phone default} 1-0

[Event "IV Weekend B"]
[Site "Recco ITA"]
[Date "2010.11.27"]
[Round "2"]
[White "Rossi Cassani, Gianni"]
[Black "Guarino, Vincenzo"]
[Result "1-0"]
[WhiteElo "1796"]
[BlackElo "1401"]
[PlyCount "72"]
[EventDate "2010.11.26"]

1. e4 e5 2. Nf3 Nc6 3. d4 exd4 4. Nxd4 Ne5 5. Be2 Nf6 6. Bg5 Be7 7. Nd2 b6 8.
f4 Ng6 9. Bf3 Bb7 10. e5 Bxf3 11. Qxf3 Ng8 12. Bxe7 N8xe7 13. O-O-O O-O 14. g4
f5 15. gxf5 Nxf5 16. N2b3 Nxe5 17. fxe5 Nxd4 18. Qd5+ Ne6 19. Qxd7 Qg5+ 20. Kb1
Qf6 21. Rhg1 Qf7 22. Qc6 Rad8 23. Rde1 Qd7 24. Qc4 Qd5 25. Qg4 Qf3 26. Qxe6+
Kh8 27. Qg4 Qxg4 28. Rxg4 Rf2 29. e6 Re8 30. e7 Kg8 31. h3 Kf7 32. Ree4 Rf6 33.
Nd4 g6 34. Nb5 c6 35. Nc7 Rd6 36. Nxe8 Kxe8 1-0

[Event "IV Weekend B"]
[Site "Recco ITA"]
[Date "2010.11.27"]
[Round "2"]
[White "Sabba, Giorgio"]
[Black "Drago, Paolo"]
[Result "0-1"]
[WhiteElo "1819"]
[BlackElo "1675"]
[PlyCount "50"]
[EventDate "2010.11.26"]

1. e4 e6 2. d4 d5 3. Nc3 Nf6 4. Bg5 Be7 5. e5 Nfd7 6. h4 c5 7. Bxe7 Qxe7 8. Nb5
Kd8 9. c3 Nc6 10. Nf3 a6 11. Nd6 f6 12. Nxc8 Rxc8 13. exf6 gxf6 14. dxc5 Qxc5
15. g3 Nde5 16. Bh3 Nc4 17. O-O Ke7 18. Qe2 N6e5 19. Rfe1 Rhg8 20. Rad1 Rxg3+
21. Bg2 Rcg8 22. Nd4 Rxg2+ 23. Kh1 R2g4 24. Nf3 Qd6 25. Rg1 Nxf3 0-1

[Event "IV Weekend B"]
[Site "Recco ITA"]
[Date "2010.11.27"]
[Round "2"]
[White "Spinetta, Gianni"]
[Black "Diena, Giovanni"]
[Result "0-1"]
[WhiteElo "1604"]
[BlackElo "1844"]
[PlyCount "152"]
[EventDate "2010.11.26"]

1. c4 Nf6 2. Nc3 e6 3. g3 Be7 4. Bg2 O-O 5. Nf3 d5 6. cxd5 exd5 7. d4 c6 8. O-O
h6 9. Re1 Bf5 10. Bf4 Nbd7 11. Qc1 Kh7 12. Nh4 Bg6 13. Nxg6 fxg6 14. e4 dxe4
15. Nxe4 Nxe4 16. Bxe4 Nf6 17. Qe3 Nxe4 18. Qxe4 Bb4 19. Re2 Rf7 20. a3 Ba5 21.
Rd1 Bb6 22. Be5 Rd7 23. b4 Qg8 24. Qc2 Rad8 25. Re4 Qd5 26. Rg4 Qe6 27. Re4 Qf5
28. Qd3 Rd5 29. Qe3 Re8 30. Re1 Qd7 31. Qc3 a6 32. Qe3 Rf8 33. Bxg7 Qxg7 34.
Re7 Rf7 35. Rxf7 Qxf7 36. Qe7 Rd7 37. Qe5 Bxd4 38. Qe2 Bc3 39. Rc1 Re7 40. Qf1
Bb2 41. Rc4 Bg7 42. Rf4 Qb3 43. Qc1 Qb2 44. Qc5 Qe5 45. Qc2 Qd5 46. Qb1 Qd2 47.
Kf1 Bc3 48. Kg2 Qd5+ 49. Kh3 Bg7 50. Qc2 Re5 51. g4 Qe6 52. f3 Re2 53. Qd3 Rb2
54. Re4 Qb3 55. Qxb3 Rxb3 56. Kg3 Bf6 57. a4 Kg7 58. h4 Kf7 59. Rf4 Ke6 60.
Re4+ Kd5 61. g5 hxg5 62. hxg5 Bxg5 63. Rg4 Bd2 64. Re4 g5 65. b5 axb5 66. axb5
Rxb5 67. Kf2 Bf4 68. Ra4 Rb2+ 69. Kf1 b5 70. Ra8 Kc4 71. Re8 c5 72. Re4+ Kd3
73. Kg1 c4 74. Kf1 c3 75. Re7 b4 76. Rd7+ Ke3 0-1

[Event "IV Weekend B"]
[Site "Recco ITA"]
[Date "2010.11.27"]
[Round "2"]
[White "Succi, Adriano"]
[Black "Cardona, Paolo"]
[Result "0-1"]
[WhiteElo "1459"]
[BlackElo "1895"]
[PlyCount "42"]
[EventDate "2010.11.26"]

1. d4 d5 2. c4 e6 3. Nc3 f5 4. cxd5 exd5 5. Na4 c6 6. Nf3 Nf6 7. e3 Bd6 8. Be2
O-O 9. O-O Nbd7 10. b3 Ne4 11. Bb2 Kh8 12. Rc1 f4 13. Nd2 Nxd2 14. Qxd2 Qg5 15.
Nc5 Nf6 16. Bf3 b6 17. Nd3 Ne4 18. Qe2 Bh3 19. Ne5 Bxe5 20. dxe5 Bxg2 21. Bg4
f3 0-1

[Event "IV Weekend B"]
[Site "Recco ITA"]
[Date "2010.11.27"]
[Round "3"]
[White "Bardone, Lorenzo"]
[Black "Manini, Paolo"]
[Result "1-0"]
[WhiteElo "1835"]
[BlackElo "1776"]
[PlyCount "61"]
[EventDate "2010.11.26"]

1. e4 c6 2. d4 d5 3. e5 Bf5 4. Nf3 e6 5. Be2 c5 6. c4 Nc6 7. cxd5 exd5 8. Be3
c4 9. O-O Be7 10. Nc3 Bb4 11. Bg5 Nce7 12. Nh4 Qd7 13. Bxe7 Nxe7 14. Nxf5 Nxf5
15. Nxd5 Qxd5 16. Qa4+ Qc6 17. Qxb4 O-O-O 18. Bg4 g6 19. Rfd1 Kb8 20. Bf3 Qc7
21. Qc3 Rhe8 22. Rac1 Rc8 23. Bd5 Qd7 24. Bxc4 Red8 25. d5 Nh4 26. Qg3 Nf5 27.
e6+ Nxg3 28. exd7 Rxd7 29. hxg3 Rdc7 30. d6 Rxc4 31. Rxc4 1-0

[Event "IV Weekend B"]
[Site "Recco ITA"]
[Date "2010.11.27"]
[Round "3"]
[White "Brugnolo, Paolo"]
[Black "Spinetta, Gianni"]
[Result "0-1"]
[WhiteElo "1493"]
[BlackElo "1604"]
[PlyCount "87"]
[EventDate "2010.11.26"]

1. e4 d5 2. exd5 Nf6 3. Nc3 Nxd5 4. Nxd5 Qxd5 5. d3 e5 6. Qh5 Be6 7. Nf3 Nc6 8.
Bd2 O-O-O 9. c4 Qd6 10. Bc3 f6 11. Qh4 Nb4 12. c5 Nxd3+ 13. Bxd3 Qxd3 14. Qg3
Qe4+ 15. Kf1 Qd3+ 16. Kg1 Bc4 17. Qh3+ Kb8 18. Qg4 Bxc5 19. Nd2 Bd4 20. Nxc4
Qxc4 21. h3 Qc6 22. Rd1 Qb6 23. Rxd4 exd4 24. Qe2 Rhe8 25. Qd2 Qd6 26. h4 c5
27. b3 Qe5 28. Rh3 f5 29. Rf3 g6 30. Qh6 Rd7 31. Qd2 Ree7 32. Qc1 b6 33. Qg5
Qe2 34. Qg3+ Kb7 35. Re3 Re4 36. Qd6 Rxh4 37. Qxd7+ Kb8 38. Qd6+ Kb7 39. Qd7+
Ka6 40. Qa4+ Kb7 41. Qd7+ Kb8 42. Qd6+ Kc8 43. Qg3 Qe1+ 44. Rxe1 0-1

[Event "IV Weekend B"]
[Site "Recco ITA"]
[Date "2010.11.27"]
[Round "3"]
[White "Cardona, Paolo"]
[Black "Mirata, Danilo"]
[Result "1/2-1/2"]
[WhiteElo "1895"]
[BlackElo "1770"]
[PlyCount "72"]
[EventDate "2010.11.26"]

1. c4 e6 2. g3 d5 3. cxd5 exd5 4. Bg2 Nf6 5. Nf3 Be7 6. O-O O-O 7. h3 c6 8. d3
Be6 9. Nc3 Na6 10. Bd2 h6 11. Rc1 d4 12. Ne4 Bxa2 13. Qa4 Nxe4 14. dxe4 Be6 15.
Qxd4 Qxd4 16. Nxd4 Rad8 17. Bc3 Nc7 18. Nf5 Bxf5 19. exf5 Nd5 20. Ba5 Nb6 21.
e4 Bf6 22. Rc2 Rd3 23. Ra1 Rfd8 24. Kf1 Rd1+ 25. Rxd1 Rxd1+ 26. Ke2 Rb1 27. Bc3
Na4 28. Kd2 Nxb2 29. f4 Bxc3+ 30. Kxc3 Na4+ 31. Kc4 Kf8 32. e5 Ke7 33. Ra2 b5+
34. Kd4 Rc1 35. g4 Rd1+ 36. Ke3 Rc1 1/2-1/2

[Event "IV Weekend B"]
[Site "Recco ITA"]
[Date "2010.11.27"]
[Round "3"]
[White "Croci, Luigi"]
[Black "Creola, Aurelio"]
[Result "1/2-1/2"]
[WhiteElo "1615"]
[BlackElo "1501"]
[PlyCount "125"]
[EventDate "2010.11.26"]

1. Nf3 g6 2. g3 Bg7 3. Bg2 d6 4. O-O e6 5. e4 b6 6. d3 h6 7. c3 Bb7 8. Be3 Ne7
9. Qd2 Nd7 10. Na3 a6 11. Nc2 Nf6 12. h3 e5 13. a4 g5 14. Nh2 Ng6 15. f4 gxf4
16. gxf4 Nh4 17. Rf2 Nxg2 18. Rxg2 Rh7 19. fxe5 dxe5 20. Kh1 Bxe4 21. dxe4 Qxd2
22. Bxd2 Rd8 23. Re1 Rd3 24. Re3 Rxe3 25. Nxe3 Nxe4 26. Nd5 Nxd2 27. Rxd2 Bh8
28. Nxc7+ Ke7 29. Nxa6 f5 30. Nb4 Kf6 31. Rd6+ Kg5 32. Nf3+ Kf4 33. Nh4 Ke4 34.
Ng6 f4 35. Nxh8 Rxh8 36. Nd5 Rf8 37. Kg1 Kf3 38. Rxh6 Rg8+ 39. Kf1 Rg2 40. b4
Ra2 41. Ke1 Ra1+ 42. Kd2 Kf2 43. Re6 Ra2+ 44. Kd3 Re2 45. Nxf4 Re3+ 46. Kc2
exf4 47. Rxb6 f3 48. a5 Ke2 49. a6 f2 50. Rf6 Rf3 51. Re6+ Re3 52. a7 f1=Q 53.
Rxe3+ Kxe3 54. a8=Q Qf5+ 55. Kb2 Qd7 56. Qh8 Qd3 57. Kb3 Qd7 58. Kc4 Qd3+ 59.
Kc5 Qf5+ 60. Kd6 Qg6+ 61. Ke7 Qe4+ 62. Kf7 Qd5+ 63. Kg6 1/2-1/2

[Event "IV Weekend B"]
[Site "Recco ITA"]
[Date "2010.11.27"]
[Round "3"]
[White "Cunsolo, Gianfranco"]
[Black "Chiappini, Massimo"]
[Result "1-0"]
[WhiteElo "1639"]
[BlackElo "1434"]
[PlyCount "83"]
[EventDate "2010.11.26"]

1. Nf3 d6 2. g3 g6 3. Bg2 Bg7 4. O-O Nf6 5. d4 O-O 6. c4 c6 7. Nc3 Nbd7 8. Qb3
a6 9. a4 a5 10. Rd1 Nb6 11. c5 Be6 12. Qxb6 Qxb6 13. cxb6 Ra6 14. Be3 d5 15.
Bd2 Rxb6 16. Ra2 Rc8 17. Ng5 Bf5 18. e4 dxe4 19. Ncxe4 Nd5 20. Bxa5 Ra6 21. Bc3
h6 22. Nh3 Be6 23. Ra3 b6 24. Rd3 f5 25. Nd2 Nxc3 26. bxc3 b5 27. a5 Bd5 28.
Bxd5+ cxd5 29. Nf4 Rd8 30. Nb3 Bf8 31. Ra1 e6 32. Nxg6 Bd6 33. Re3 Re8 34. Ne5
b4 35. Nc5 Bxc5 36. dxc5 b3 37. Nd3 e5 38. Re2 Rb8 39. Rb2 Rb5 40. Nb4 Rxc5 41.
Nxa6 Rxc3 42. Rab1 1-0

[Event "IV Weekend B"]
[Site "Recco ITA"]
[Date "2010.11.27"]
[Round "3"]
[White "Diena, Giovanni"]
[Black "Buselli, Claudio"]
[Result "1/2-1/2"]
[WhiteElo "1844"]
[BlackElo "1677"]
[PlyCount "83"]
[EventDate "2010.11.26"]

1. e4 Nf6 2. d3 d6 3. Nf3 g6 4. Nc3 Bg7 5. h3 O-O 6. Be2 c5 7. O-O Nc6 8. Re1
Bd7 9. Bd2 a6 10. Qc1 b5 11. Bh6 Qb6 12. Bxg7 Kxg7 13. Qd2 h6 14. Bf1 Be6 15.
Rad1 Rfd8 16. a3 Rd7 17. Ne2 Qc7 18. Nf4 Nh7 19. Nxe6+ fxe6 20. c3 e5 21. Nh2
Rf8 22. Ng4 g5 23. Be2 e6 24. Bf3 Rdf7 25. Qe2 Qe7 26. Rf1 Nf6 27. Nxf6 Rxf6
28. b4 Qc7 29. bxc5 dxc5 30. Qe3 Qa7 31. Rd2 Rd8 32. Rb1 Rf7 33. Bh5 Rfd7 34.
Qg3 Kh7 35. Qf3 Rg7 36. Qf6 Qe7 37. Qxe7 Rxe7 38. Kf1 Red7 39. Ke1 Kg7 40. a4
b4 41. cxb4 cxb4 42. Ke2 1/2-1/2

[Event "IV Weekend B"]
[Site "Recco ITA"]
[Date "2010.11.27"]
[Round "3"]
[White "Drago, Paolo"]
[Black "Restifo, Katiuscia"]
[Result "0-1"]
[WhiteElo "1675"]
[BlackElo "1829"]
[PlyCount "87"]
[EventDate "2010.11.26"]

1. d4 Nf6 2. c4 e6 3. Nf3 b6 4. g3 Bb7 5. Bg2 Be7 6. O-O d6 7. Re1 Nbd7 8. Nc3
O-O 9. e4 e5 10. d5 Re8 11. Nd2 Bf8 12. Nb3 g6 13. Qc2 Bg7 14. Bh3 Bc8 15. a4
Nc5 16. Nxc5 Bxh3 17. Nd3 h6 18. Be3 Kh7 19. f3 Bd7 20. b4 Ng8 21. a5 f5 22. c5
f4 23. Bd2 fxg3 24. hxg3 Qe7 25. Kg2 Rf8 26. c6 Be8 27. Nb5 Rf7 28. axb6 cxb6
29. c7 Bxb5 30. Ra2 Rc8 31. Rc1 h5 32. Bc3 Bxd3 33. Qxd3 Qf6 34. Kh3 Nh6 35.
Qa6 Nf5 36. Kh2 Ne3 37. Qe2 Qxf3 38. b5 Qg4 39. Kh1 Rf2 40. Qxf2 Bf8 41. Qe1
Qf4 42. Kh2 Qf3 43. Rb2 Qf2+ 44. Qxf2 0-1

[Event "IV Weekend B"]
[Site "Recco ITA"]
[Date "2010.11.27"]
[Round "3"]
[White "Gandolfi, Gianfranco"]
[Black "Pieri, Enzo"]
[Result "0-1"]
[WhiteElo "1848"]
[BlackElo "1740"]
[PlyCount "70"]
[EventDate "2010.11.26"]

1. e4 c6 2. d4 d5 3. exd5 Qxd5 4. Nc3 Qd8 5. h3 Nf6 6. Nf3 g6 7. Be3 Bg7 8. Qd2
O-O 9. Bh6 Nbd7 10. Bxg7 Kxg7 11. Be2 Qc7 12. O-O b6 13. Ng5 Bb7 14. Bf3 Rad8
15. Qe3 e5 16. Nge4 Nd5 17. Nxd5 cxd5 18. Nc3 e4 19. Bd1 a6 20. Ne2 f5 21. Qf4
Qc6 22. c3 Nf6 23. Ng3 Rde8 24. Bc2 h6 25. Rae1 Bc8 26. Qd2 Qc7 27. Ne2 g5 28.
Ng3 f4 29. Nh1 Bf5 30. Qc1 Qd7 31. Kh2 f3 32. g4 Bxg4 33. hxg4 Qxg4 34. Ng3
Qh4+ 35. Kg1 Qh3 0-1

[Event "IV Weekend B"]
[Site "Recco ITA"]
[Date "2010.11.27"]
[Round "3"]
[White "Gnetti, Pietro"]
[Black "Succi, Adriano"]
[Result "1-0"]
[WhiteElo "1672"]
[BlackElo "1459"]
[PlyCount "80"]
[EventDate "2010.11.26"]

1. d4 d5 2. c4 e6 3. Nc3 Nf6 4. Nf3 Nbd7 5. Bg5 Be7 6. e3 b6 7. Bd3 dxc4 8.
Bxc4 Bb7 9. O-O O-O 10. Qe2 a6 11. a3 b5 12. Bd3 c5 13. Rfd1 c4 14. Bc2 Nd5 15.
Bxe7 Qxe7 16. Nxd5 exd5 17. h4 h6 18. g3 f5 19. Re1 Qf6 20. h5 Kh7 21. Nh4 Qg5
22. Qf3 Kh8 23. Bxf5 Rf6 24. Qg4 Qxg4 25. Bxg4 Nc5 26. Ng6+ Kh7 27. Ne5 Bc8 28.
Bf3 Nd7 29. Bxd5 Rb8 30. Be4+ Kg8 31. Nxd7 Bxd7 32. Kg2 Rbf8 33. f4 Bf5 34.
Bxf5 Rxf5 35. g4 R8f6 36. Rf1 g6 37. hxg6 Rxg6 38. Kg3 h5 39. g5 Kg7 40. Rae1
Re6 1-0

[Event "IV Weekend B"]
[Site "Recco ITA"]
[Date "2010.11.27"]
[Round "3"]
[White "Guarino, Vincenzo"]
[Black "Gnetti, Paolo"]
[Result "0-1"]
[WhiteElo "1401"]
[BlackElo "1770"]
[PlyCount "118"]
[EventDate "2010.11.26"]

1. e4 g6 2. Nf3 Bg7 3. d4 d6 4. Be3 Nf6 5. Nc3 O-O 6. h3 Nc6 7. d5 Ne5 8. Nxe5
dxe5 9. Qd2 Re8 10. O-O-O Bd7 11. Be2 b5 12. f3 b4 13. Nb1 a5 14. a3 Qb8 15. c4
Ba4 16. Rdf1 c6 17. Bd1 Bxd1 18. Rxd1 cxd5 19. exd5 Rc8 20. c5 e4 21. Qf2 Qc7
22. Rd2 Nd7 23. Kd1 Ne5 24. Qg3 Nc4 25. Qxc7 Nxe3+ 26. Ke2 exf3+ 27. gxf3 Rxc7
28. Kxe3 Rxc5 29. a4 Rac8 30. Rd3 Bxb2 31. Rhd1 Rc1 32. d6 Rxd1 33. Rxd1 exd6
34. Rxd6 Rc1 35. Nd2 Ra1 36. Nb3 Rxa4 37. Kd3 Ra3 38. Kc4 a4 39. Nd2 Bc3 40.
Nb1 Rb3 41. Rd1 Bf6 42. Nd2 Rb2 43. Ne4 Kg7 44. Rd6 Rc2+ 45. Kd3 Rc3+ 46. Nxc3
Bxc3 47. Re6 a3 48. Kc2 h5 49. Kb1 f6 50. Ka2 Kh6 51. Re8 Kg5 52. Rg8 Kf5 53.
Rh8 Kf4 54. Rh6 g5 55. Rxh5 Kxf3 56. Kb3 Kf4 57. Rh7 f5 58. Rf7 g4 59. hxg4
Kxg4 0-1

[Event "IV Weekend B"]
[Site "Recco ITA"]
[Date "2010.11.27"]
[Round "3"]
[White "Jovanovic, Goran"]
[Black "Sabba, Giorgio"]
[Result "1/2-1/2"]
[WhiteElo "1665"]
[BlackElo "1819"]
[PlyCount "78"]
[EventDate "2010.11.26"]

1. e4 e6 2. Nf3 d5 3. exd5 exd5 4. d4 Bd6 5. Be3 Nc6 6. Qe2 Nge7 7. a3 Be6 8.
Bg5 f6 9. Qxe6 fxg5 10. Nxg5 Nxd4 11. Qf7+ Kd7 12. Bd3 Qf8 13. Qh5 g6 14. Qg4+
Nef5 15. O-O h5 16. Qh3 Re8 17. Nc3 c6 18. Rae1 Qf6 19. Nf3 Kc7 20. Rd1 Rhf8
21. Rfe1 Nxf3+ 22. Qxf3 Rxe1+ 23. Rxe1 Qg5 24. g3 Nh4 25. Qe3 Nf3+ 26. Kg2
Nxe1+ 27. Qxe1 Bc5 28. Nd1 Qf6 29. b4 Bd6 30. b5 Bc5 31. bxc6 bxc6 32. Qa5+ Bb6
33. Qe1 h4 34. Bxg6 Qxg6 35. Qe7+ Kc8 36. Qxf8+ Kb7 37. Qe7+ Ka6 38. Qe2+ Kb7
39. Qe7+ Ka6 1/2-1/2

[Event "IV Weekend B"]
[Site "Recco ITA"]
[Date "2010.11.27"]
[Round "3"]
[White "Militello, Michele"]
[Black "Orlandi, Paolo"]
[Result "1-0"]
[WhiteElo "1817"]
[BlackElo "1605"]
[PlyCount "67"]
[EventDate "2010.11.26"]

1. d4 Nf6 2. Nf3 g6 3. c4 Bg7 4. Nc3 d5 5. e3 O-O 6. Qb3 e6 7. Be2 b6 8. cxd5
Nxd5 9. O-O Ba6 10. Bc4 Bxc4 11. Qxc4 Nxc3 12. bxc3 Nd7 13. Ba3 Re8 14. e4 Qc8
15. Rad1 c6 16. Bd6 b5 17. Qd3 Nb6 18. Bf4 Nc4 19. Qc2 Re7 20. Nd2 Nxd2 21.
Rxd2 Rd7 22. Rfd1 a6 23. Be3 Rb8 24. h3 Rbb7 25. c4 c5 26. d5 Qc7 27. dxe6 Rxd2
28. exf7+ Qxf7 29. Rxd2 Rb8 30. Qb3 Bf8 31. Qd3 Be7 32. Qd7 Qe8 33. Qe6+ Kf8
34. Bh6# 1-0

[Event "IV Weekend B"]
[Site "Recco ITA"]
[Date "2010.11.27"]
[Round "3"]
[White "Nanni, Sergio"]
[Black "Saffioti, Massimo"]
[Result "0-1"]
[WhiteElo "1700"]
[BlackElo "1828"]
[PlyCount "81"]
[EventDate "2010.11.26"]

1. e4 c5 2. d4 cxd4 3. c3 dxc3 4. Nxc3 d6 5. Bd2 Nf6 6. Rc1 Nc6 7. Nf3 g6 8.
Bc4 Bg7 9. O-O O-O 10. Nh4 Ne5 11. Be2 Be6 12. b3 Rc8 13. h3 d5 14. exd5 Nxd5
15. Ne4 Qb6 16. Nf3 Bf5 17. Ng3 Rxc1 18. Qxc1 Rc8 19. Qa3 Rc2 20. Rd1 Nxf3+ 21.
Bxf3 Bb2 22. Qa5 Qxa5 23. Bxa5 e6 24. Nxf5 gxf5 25. Bxd5 exd5 26. Rxd5 f4 27.
Rf5 Rc1+ 28. Kh2 Rc2 29. f3 Kg7 30. Bd8 f6 31. Rd5 Be5 32. Rd7+ Kg6 33. a4 Rc1
34. Rxb7 Bd4 35. h4 h5 36. g4 hxg4 37. h5+ Kxh5 38. fxg4+ Kxg4 39. Rg7+ Kf5 40.
Bc7 Rc2+ 41. Rg2 0-1